000 00836nam a2200229 a 4500
001 BRL_1123
005 20190320211039.0
008 131113m19631964mx-ab#####---#000-0#spa-#
041 _aspa
044 _amx
050 4 _aF1230
_b.R66 1963
100 1 _aRomero Vargas Yturbide, Ignacio
_925853
245 1 0 _aMotecuhzoma Xocoyotzin, o Moctezuma el Magnifico y la invasión de Anahuac
_cEstudios basados en las fuentes históricas por Ignacio Romero Vargas Yturbide.
260 _aMéxico
_bRomerovargas y Blasco
_c1963-1964
300 _a3 v.
_bil.
_c24 cm.
500 _av.1 Au1301 ; v.2 Au1300 ; v.3 Au1299
600 1 4 _aMoctezuma
_bII
_cEmperador de México
_d1480-1520
_925854
650 1 4 _aAztecas
_vBiografía
_xReyes y soberanos
_925855
651 4 _aMéxico
_xHistoria
_yConquista, 1519-1540
_9442
902 _aGRL
942 _2lcc
_cB
999 _c9935
_d9935